Análisis comparativo de la respuesta sísmica inelástica de dos estructuras de concreto reforzado
Salvato in:
| Autore principale: | |
|---|---|
| Natura: | Libro |
| Pubblicazione: |
[San José , Costa Rica]
1986
|
| Soggetti: | |
| Tags: |
Aggiungi Tag
Nessun Tag, puoi essere il primo ad aggiungerne!!
|
MARC
| LEADER | 00000nam a2200000Ia 4500 | ||
|---|---|---|---|
| 003 | 004043 | ||
| 005 | 20221231144357.0 | ||
| 008 | 140114s1986 cr a m 000 ||s d | ||
| 040 | |c cru CEDI | ||
| 090 | |a TFG 1817 | ||
| 100 | |a Rodriguez Elizondo, Roberto |9 14256 | ||
| 245 | |a Análisis comparativo de la respuesta sísmica inelástica de dos estructuras de concreto reforzado | ||
| 260 | |c 1986 |a [San José , Costa Rica] | ||
| 300 | |a [87] hojas : ilustraciones ; 27 cm | ||
| 500 | |a Proyecto de graduación (licenciatura en ingeniería civil)--Universidad de Costa Rica. Facultad de Ingeniería. Escuela de Ingeniería Civil | ||
| 650 | |x CONSTRUCCIONES ANTISISMICAS |x HORMIGON ARMADO |9 6686 | ||
| 942 | |c TFG | ||
| 999 | |c 20962 |d 20962 | ||
